La economía de los liberales /

La estrategia de política económica llevada a cabo durante la última dictadura militar selló el destino económico del país durante dos décadas. Desarrollamos ese momento de la economía argentina: el plan económico de Martínez de Hoz, las diferentes facciones dentro de las Fuerzas Armadas y la perman...

Descripción completa

Guardado en:
Autor Principal: Mignona, Sebastián
Autor Corporativo: Canal Encuentro.
Formato: Deslizar
Publicado: Argentina, 2013
Series:Historia de un País, Argentina Siglo XX
Materias:
Acceso en línea:https://www.educ.ar/recursos/117621/la-economia-de-los-liberales
Etiquetas: Agregar Etiqueta
Sin Etiquetas, Sea el primero en etiquetar este registro!
LEADER 01536ngm a22003495g 4500
001 CEM.cems023451
008 130507s2013##################0###0#####d
005 20250407171419.0
245 1 0 |a La economía de los liberales /  |c Sebastián Mignona. 
260 |a Argentina,  |c 2013 
300 |a 27'. 
490 0 |a Historia de un País, Argentina Siglo XX 
538 |a Soporte: DVD - Formato: AVI - Resolución: 720 x 540 - 25fps - Grabación DRD. 
520 |a La estrategia de política económica llevada a cabo durante la última dictadura militar selló el destino económico del país durante dos décadas. Desarrollamos ese momento de la economía argentina: el plan económico de Martínez de Hoz, las diferentes facciones dentro de las Fuerzas Armadas y la permanencia de la economía neoliberal hasta los años de democracia. 
590 |a Identificación anterior registrada en SIABUC: D48E. 
500 |a Consultar en ventanilla. 
100 1 |a Mignona, Sebastián 
710 2 |a Canal Encuentro. 
082 9 8 |/ MIG-4 
653 |a ARGENTINA 
653 |a HISTORIA 
653 |a HISTORIA ARGENTINA 
653 |a LIBERALISMO 
653 |a NEOLIBERALISMO 
653 |a ECONOMIA 
653 |a MARTINEZ DE HOZ 
653 |a DICTADURA MILITAR 
653 |a TERRORISMO DE ESTADO 
653 |a PROCESO DE REORGANIZACION NACIONAL 
653 |a SERIE DE TELEVISIÓN 
856 |u https://www.educ.ar/recursos/117621/la-economia-de-los-liberales 
859 |a CEMS  |b BIB. CEMS - Depto. Recursos Didacticos  |h 982  |i MIG-4  |k DRD  |p 2094.15  |t Ej.1